| 000 | 00618nam a2200217Ia 4500 | ||
|---|---|---|---|
| 005 | 20241129110231.0 | ||
| 008 | 241129s9999||||xx |||||||||||||| ||und|| | ||
| 020 | _a978-93-5073-805-4 | ||
| 037 | _aTB | ||
| 040 |
_aARTS _beng _cARTS |
||
| 041 |
_aeng _2urd |
||
| 084 |
_aO168,3NSHx Q6 _qARTS |
||
| 100 |
_aFakhri Shaista Au. _9177724 |
||
| 245 | 0 |
_aWasf-e-Paighambari na mang _cFakhri Shaista Au. |
|
| 260 |
_aDelhi, India _bEductional publishing house _c2015 |
||
| 300 | _a180p. | ||
| 365 |
_aINR _b200 |
||
| 650 |
_aUrdu Fiction _93298 |
||
| 942 |
_cTB _hO168,3NSHx Q6 |
||
| 999 |
_c1227821 _d1227821 |
||